书目信息 |
| 题名: |
河流工程问题数值模拟理论与实践
|
|
| 作者: | 刘培斌 编著 | |
| 分册: | ||
| 出版信息: | 郑州 黄河水利出版社 1999.11 |
|
| 页数: | 268页 | |
| 开本: | 16开 | |
| 丛书名: | ||
| 单 册: | ||
| 中图分类: | TV85 | |
| 科图分类: | ||
| 主题词: | 河道整治 | |
| 电子资源: | ||
| ISBN: | 7-80621-335-X | |
| 000 | 00598nam0 2200193 45 | |
| 001 | 0012051769 | |
| 005 | 20001205172757.2 | |
| 010 | @a7-80621-335-X@d35.00元 | |
| 100 | @a20001205d1999 km y0chiy0120 ea | |
| 101 | 0 | @achi |
| 105 | @a z 000yy | |
| 200 | 1 | @a河流工程问题数值模拟理论与实践@AHe Liu Gong Cheng Wen Ti Shu Zhi Mo Ni Li Lun Yu ShiJian@f刘培斌等编著@FLiu Pei Bin Deng Bian Zhu |
| 210 | @a郑州@c黄河水利出版社@d1999.11 | |
| 215 | @a268页@d16开 | |
| 606 | 0 | @a河道整治 |
| 690 | @aTV85@v3 | |
| 701 | 0 | @a刘培斌@4编著 |
| 801 | @aCN@bPftUser@c20001205 | |
| 905 | @b514123-124@dTV85@eL067@f2 | |
| 河流工程问题数值模拟理论与实践/刘培斌等编著.-郑州:黄河水利出版社,1999.11 |
| 268页;16开 |
| ISBN 7-80621-335-X:35.00元 |
| ● |
| 相关链接 |
|
|
|
正题名:河流工程问题数值模拟理论与实践
索取号:TV85/L067
 
预约/预借
| 序号 | 登录号 | 条形码 | 馆藏地/架位号 | 状态 | 备注 |
| 1 | 514123 | 205141238 | 自科库501/501自科库 48排6列2层/ [索取号:TV85/L067] | 在馆 | |
| 2 | 514124 | 205141247 | 自科库501/501自科库 48排6列2层/ [索取号:TV85/L067] | 在馆 |